|
|
|
|
| LEADER |
00651nam a2200193Ia 4500 |
| 001 |
CTU_87733 |
| 008 |
210402s9999 xx 000 0 und d |
| 082 |
|
|
|a 001.501
|
| 082 |
|
|
|b I.43
|
| 110 |
|
|
|a Organisation for Economic Co-operation and Development
|
| 245 |
|
0 |
|a Information for a changing society :
|
| 245 |
|
0 |
|b Some policy considerations
|
| 245 |
|
0 |
|c Organisation for Economic Co-operation and Development.
|
| 260 |
|
|
|a Paris
|
| 260 |
|
|
|c 1971
|
| 650 |
|
|
|a Communication in science,Technology,Science
|
| 650 |
|
|
|x Information services,Information services
|
| 904 |
|
|
|i Năm
|
| 980 |
|
|
|a Trung tâm Học liệu Trường Đại học Cần Thơ
|